Diseno antisísmico de un edificio escolar
Guardado en:
| Autor principal: | |
|---|---|
| Formato: | Libro |
| Publicado: |
[San José , Costa Rica]
1974
|
| Materias: | |
| Etiquetas: |
Agregar Etiqueta
Sin Etiquetas, Sea el primero en etiquetar este registro!
|
MARC
| LEADER | 00000nam a2200000Ia 4500 | ||
|---|---|---|---|
| 003 | 001979 | ||
| 005 | 20221231144423.0 | ||
| 008 | 140114s1974 cr a m 000 ||s d | ||
| 040 | |c cru CEDI | ||
| 090 | |a TFG 1165 | ||
| 100 | |a Richmond Fletis, Jorge E |9 15618 | ||
| 245 | |a Diseno antisísmico de un edificio escolar | ||
| 260 | |c 1974 |a [San José , Costa Rica] | ||
| 300 | |a 83 hojas : ilustraciones | ||
| 500 | |a Tesis (Ingeniero Civil) Universidad de Costa Rica. | ||
| 650 | |x CONSTRUCCIONES ANTISISMICAS |9 15619 | ||
| 942 | |c TFG | ||
| 999 | |c 21629 |d 21629 | ||
